Tilastot visalle Suomen pääradan rautatieasemat

Klikkaa tästä pelataksesi tätä visaa!

Yleistilastot

  • Tätä visaa on pelattu 76 kertaa
  • Keskiarvotulos 28 / 44

Vastaustilastot

Vastaus% Oikein
Tampere
95%
Helsinki
94%
Hämeenlinna
90%
Oulu
90%
Riihimäki
90%
Tikkurila
87%
Kerava
84%
Seinäjoki
84%
Hyvinkää
81%
Pasila
81%
Lempäälä
79%
Kokkola
78%
Järvenpää
76%
Kempele
76%
Toijala
76%
Parkano
73%
Ylivieska
73%
Viiala
68%
Kauhava
65%
Lapua
63%
Oulainen
63%
Parola
59%
Jokela
57%
Oulunkylä
56%
Pietarsaari-Pedersöre
56%
Iittala
54%
Kannus
54%
Käpylä
54%
Malmi
54%
Korso
51%
Turenki
51%
Ainola
48%
Hiekkaharju
48%
Saunakallio
46%
Vihanti
46%
Koivukylä
44%
Puistola
44%
Pukinmäki
44%
Härmä
43%
Tapanila
43%
Ruukki
41%
Savio
41%
Rekola
40%
Ryttylä
35%

Tulosjakauma

Persentiili vastausten määrän mukaan

Jokaisen tuloksen saaneiden osuus

Tuloshistoriasi

Et ole pelannut tätä visaa